Elementary solid state physics (Record no. 180616)
[ view plain ]
| 000 -LEADER | |
|---|---|
| fixed length control field | 01210 a2200181 4500 |
| 003 - CONTROL NUMBER IDENTIFIER | |
| control field | Nust |
| 005 - DATE AND TIME OF LATEST TRANSACTION | |
| control field | 20221208121121.0 |
| 020 ## - INTERNATIONAL STANDARD BOOK NUMBER | |
| International Standard Book Number | 8178082527 |
| 040 ## - CATALOGING SOURCE | |
| Transcribing agency | Nust |
| 082 ## - DEWEY DECIMAL CLASSIFICATION NUMBER | |
| Classification number | 530.41, OMA |
| 100 ## - MAIN ENTRY--PERSONAL NAME | |
| Personal name | Omar, M. Ali |
| 9 (RLIN) | 104451 |
| 245 ## - TITLE STATEMENT | |
| Title | Elementary solid state physics |
| Remainder of title | principles and applications |
| Statement of responsibility, etc. | M. Ali Omar |
| 260 ## - PUBLICATION, DISTRIBUTION, ETC. | |
| Place of publication, distribution, etc. | Singapore |
| Name of publisher, distributor, etc. | Pearson |
| Date of publication, distribution, etc. | 1999 |
| 300 ## - PHYSICAL DESCRIPTION | |
| Extent | xv, 669 p. |
| 505 ## - FORMATTED CONTENTS NOTE | |
| Formatted contents note | Chapter 1:- Crystal Structures and Inter atomic Forces (Page-1), Chapter 2:- X-Ray Neutron and Electron Diffraction in Crystals (Page:-34), Chapter 3:- Lattice Vibration Thermal Acoustic and optical Properties (Page-68), Chapter 4:- Metals the Free-Electron Model (Page-138), Chapter 5:- Metal Energy Bands in solids (Page-176), Chapter 6:- Semiconductors I Theory (Page-254), Chapter 7:- Semiconductors II Devices (Page-320), Chapter 8:- Dielectrics and Optical Properties of Solids (Page-372), Chapter 9:- Magnetism and Magnetic Resonances (Page-424), Chapter 10:- Superconductivity (Page-496), Chapter 11:- Topics I Metallurgy and defects in Solids (Page-528), Chapter 12:- Materials and Solid State Chemistry (Page-578), Chapter 13:- Solid State Biophysics (Page-628). |
| 650 ## - SUBJECT ADDED ENTRY--TOPICAL TERM | |
| Topical term or geographic name entry element | Physics |
| 942 ## - ADDED ENTRY ELEMENTS (KOHA) | |
| Source of classification or shelving scheme | |
| Koha item type | Book |
| Withdrawn status | Lost status | Source of classification or shelving scheme | Damaged status | Not for loan | Permanent Location | Current Location | Shelving location | Date acquired | Full call number | Barcode | Date last seen | Price effective from | Koha item type | Public note |
|---|---|---|---|---|---|---|---|---|---|---|---|---|---|---|
| Military College of Signals (MCS) | Military College of Signals (MCS) | General Stacks | 12/12/2016 | 530.41, OMA | MCS30357 | 12/08/2016 | 12/12/2016 | Book | Almirah No.16, Shelf No.1 |
